logo

Bir Sreshtho Munshi Abdur Rouf Library
Jhenaidah Cadet College

দ্য আইনস্টাইন প্রফেসি / (Record no. 12007)

MARC details
000 -LEADER
fixed length control field 00843nam a2200241 a 4500
001 - CONTROL NUMBER
JCCL Control Number 12007
003 - CONTROL NUMBER IDENTIFIER
JCCL marc code BD-JhCC
005 - DATE AND TIME OF LATEST TRANSACTION
control field 20221107134024.0
008 - FIXED-LENGTH DATA ELEMENTS--GENERAL INFORMATION
fixed length control field 210303b2018 bg a|||| ||a| 000 0 ben d
020 ## - INTERNATIONAL STANDARD BOOK NUMBER
International Standard Book Number 9789849238232
035 ## - SYSTEM CONTROL NUMBER
system control number (BD-JhCC)12007
040 ## - CATALOGING SOURCE
Original cataloging agency BD-JhCC
Modifying agency BD-JhCC
041 ## - LANGUAGE CODE
Language code of Book bengali
082 ## - DEWEY DECIMAL CLASSIFICATION NUMBER
Classification number 823.914
Author mark and Year MAS 2018
100 ## - MAIN ENTRY--PERSONAL NAME
Personal name মাসেলো,রবার্ট
245 ## - TITLE STATEMENT
Title দ্য আইনস্টাইন প্রফেসি /
Statement of responsibility, etc রবার্ট মাসেলো, অনুবাদঃ কাজী আখতারউদ্দিন ।
260 ## - PUBLICATION, DISTRIBUTION, ETC. (IMPRINT)
Place of publication, distribution, etc ঢাকা :
Name of publisher, distributor, etc রোদেলা,
Date of publication, distribution, etc ২০১৮.
300 ## - PHYSICAL DESCRIPTION
Pagination ৩৩৬ পৃ. :
Dimensions ২০ সেমি.
650 ## - SUBJECT ADDED ENTRY--TOPICAL TERM
Topical term or geographic name as entry element Bengali Novel
700 ## - ADDED ENTRY--PERSONAL NAME
Personal name আখতারউদ্দিন, কাজী
942 ## - ADDED ENTRY ELEMENTS (KOHA)
Source of classification or shelving scheme Dewey Decimal Classification
Koha item type Books
Koha issues (borrowed), all copies 22
Holdings
Source of classification or shelving scheme Damaged status Not for loan Home library Current library Shelving location Date of accession Source of acquisition Cost, normal purchase price Total Checkouts Full call number Barcode Date last seen Date checked out Copy number Koha item type
Dewey Decimal Classification     JCC Rouf Library JCC Rouf Library General Stacks 03/03/2021 Lt. Gen. Mahfuzur Rahman (10th intake) 299.00 10 823.914 MAS 2018 16531 09/01/2025 08/04/2025 C-1 Books
Dewey Decimal Classification     JCC Rouf Library JCC Rouf Library General Stacks 03/03/2021 Lt. Gen. Mahfuzur Rahman (10th intake) 299.00 7 823.914 MAS 2018 16532 09/28/2024 09/26/2024 C-2 Books

JCC Library | Contacts | JCC Home

Last Update on 23 September 2017
Copyright @ 2017-2020 JCC Rouf Library
Rouf Library, Jhenidah Cadet College (JCC), Bangladesh